Harry Potter Book Chapters - Statistics

General Stats
  • This quiz has been taken 723 times
    618 since last reset
  • The average score is 98 of 199
Answer Stats
Book Chapter Title % Correct
Harry Potter and the Philosophers Stone 1 The Boy Who Lived
95%
11 Quidditch
82%
5 Diagon Alley
81%
16 The Chamber Of Secrets
78%
5 The Dementor
74%
15 The Forbidden Forest
74%
8 The Quidditch World Cup
74%
10 Hallowe'en
73%
3 The Burrow
72%
Harry Potter and the Prisoner of Azkaban 1 Owl Post
71%
17 The Man with Two Faces
71%
26 The Second Task
71%
7 The Sorting Hat
71%
31 The Third Task
71%
2 The Vanishing Glass
71%
6 Gilderoy Lockhart
70%
20 The First Task
70%
3 The Letters from No One
70%
3 The Knight Bus
69%
8 The Potions Master
69%
15 Aragog
68%
4 The Keeper of the Keys
68%
9 The Midnight Duel
66%
12 The Mirror of Erised
66%
Harry Potter and the Chamber of Secrets 1 The Worst Birthday
66%
16 Through the Trapdoor
66%
13 Nicholas Flamel
65%
16 The Goblet of Fire
65%
12 The Polyjuice Potion
65%
5 The Whomping Willow
65%
5 The Order of the Phoenix
64%
14 Norbert the Norwegian Ridgeback
63%
10 The Marauders Map
63%
23 The Yule Ball
63%
18 Dumbledore's Army
62%
9 The Half-Blood Prince
62%
17 The Heir of Slytherin
62%
Harry Potter and the Order of the Phoenix 7 The Ministry of Magic
62%
Harry Potter and the Goblet of Fire 1 The Riddle House
62%
9 The Dark Mark
61%
4 The Leaky Cauldron
61%
Harry Potter and the Order of the Phoenix 1 Dudley Demented
60%
8 The Deathday Party
60%
33 The Death Eaters
60%
6 The Journey from Platform Nine and Three-Quarters
60%
12 The Triwizard Tournament
60%
8 The Hearing
59%
6 The Portkey
59%
17 Cat, Rat and Dog
58%
26 Gringotts
58%
4 Horace Slughorn
58%
22 Owl Post Again
58%
22 The Deathly Hallows
58%
13 Mad Eye-Moody
57%
2 Aunt Marge's Big Mistake
56%
18 Moony, Wormtail, Padfoot and Prongs
56%
26 The Cave
56%
34 The Department of Mysteries
56%
16 Godric's Hollow
55%
23 Horcruxes
55%
31 The Battle of Hogwarts
55%
8 The Wedding
55%
14 Cornelius Fudge
54%
2 Dobby's Warning
54%
23 Malfoy Manor
54%
7 Mudbloods and Murmurs
54%
31 O.W.L.S
54%
11 The Duelling Club
54%
19 The Hungarian Horntail
54%
12 The Patronus
54%
21 Hermione's Secret
53%
2 The Scar
53%
5 Weasley's Wizard Wheezes
53%
7 Bagman and Crouch
52%
18 Dobby's Reward
52%
35 King's Cross
52%
4 Number Twelve, Grimmauld Place
52%
Harry Potter and the Half Blood Prince 1 The Other Minister
52%
4 The Seven Potters
52%
4 At Flourish and Blotts
51%
15 Beauxbatons and Durmstrang
51%
13 Detention with Dolores
51%
14 Felix Felicis
51%
10 Luna Lovegood
51%
30 The Pensieve
51%
30 Grawp
50%
34 Priori Incantatem
50%
2 Spinner's End
50%
11 The Firebolt
50%
27 The Lightning-Struck Tower
50%
7 The Slug Club
50%
14 The Unforgivable Curses
50%
20 Xenophilius Lovegood
50%
9 The Writing on the Wall
49%
13 Gryffindor vs Ravenclaw
48%
20 Hagrid's Tale
48%
25 Shell Cottage
48%
6 Talons and Tea Leaves
48%
17 The Four Champions
48%
18 The Life and Lies of Albus Dumbledore
48%
15 The Quidditch Final
48%
22 The Unexpected Task
48%
30 The White Tomb
48%
34 The Forest Again
47%
35 Veritaserum
47%
32 Flesh, Blood, and Bone
46%
24 Occlumency
46%
12 Professor Umbridge
46%
7 The Boggart in the Wardrobe
46%
33 The Prince's Tale
46%
24 Sectumsempra
45%
13 The Very Secret Diary
45%
18 The Weighing of the Wands
45%
11 Aboard the Hogwarts Express
44%
4 Back to the Burrow
44%
23 Christmas on the Closed Ward
44%
16 In the Hog's Head
44%
10 Kreacher's Tale
44%
10 Mayhem at the Ministry
44%
29 The Dream
44%
36 The Only One He Ever Feared
44%
36 The Parting of the Ways
44%
10 The Rogue Bludger
44%
2 A Peck of Owls
43%
32 The Elder Wand
43%
6 The Noble and Most Ancient House of Black
43%
19 The Silver Doe
43%
8 Flight of the Fat Lady
42%
20 The Dementors Kiss
42%
36 The Flaw in the Plan
42%
28 The Madness of Mr Crouch
42%
35 Beyond the Veil
41%
24 Rita Skeeter's Scoop
41%
37 The Beginning
41%
Harry Potter and the Deathly Hallows 1 The Dark Lord Ascending
41%
3 The Dursleys Departing
41%
9 The Woes of Mrs Weasley
41%
6 Draco's Detour
40%
37 Epilogue
40%
9 Grim Defeat
40%
27 Padfoot Returns
40%
28 Snape's Worst Memory
40%
22 St Mungo's Hospital for Magical Maladies and Injuries
40%
25 The Egg and the Eye
40%
29 The Phoenix Lament
40%
17 Educational Decree Number Twenty-Four
39%
5 Fallen Warrior
39%
12 Magic is Might
39%
14 Snapes Grudge
39%
38 The Second War Begins
39%
7 The Will of Albus Dumbledore
39%
2 In Memoriam
38%
3 The Invitation
38%
11 The Sorting Hat's New Song
38%
21 The Tale of the Three Brothers
38%
15 The Unbreakable Vow
38%
19 Elf Tails
37%
28 Flight of the Prince
37%
27 The Centaur and the Sneak
37%
15 The Hogwarts High Inquisitor
37%
21 The House-Elf Liberation Front
37%
33 Fight and Flight
36%
11 Hermione's Helping Hand
36%
16 Professor Trelawney's Prediction
36%
25 The Beetle at Bay
36%
21 The Eye of the Snake
36%
15 The Goblin's Revenge
36%
29 The Lost Diadem
36%
19 The Servant of Lord Voldemort
36%
3 Will and Won't
36%
14 Percy and Padfoot
35%
3 The Advanced Guard
35%
37 The Lost Prophecy
35%
30 The Sacking of Severus Snape
35%
24 The Wand Maker
35%
9 A Place to Hide
34%
17 A Sluggish Memory
34%
16 A Very Frosty Christmas
34%
8 Snape Victorious
34%
10 The House of Gaunt
34%
19 The Lion and the Serpent
34%
22 After the Burial
33%
5 An Excess of Phlegm
33%
17 Bathilda's Secret
32%
32 Out of the Fire
32%
12 Silver and Opals
32%
27 The Final Hiding Place
32%
6 The Ghoul in Pyjamas
32%
25 The Seer Overheard
31%
13 The Secret Riddle
30%
21 The Unknowable Room
30%
18 Birthday Surprises
29%
28 The Missing Mirror
29%
29 Career Advice
28%
26 Seen and Unforseen
28%
11 The Bribe
27%
20 Lord Voldemort's Request
26%
13 The Muggle-Born Registration Comission
23%
14 The Theif
23%
No matching quizzes found
Score Distribution
Percent of People with Each Score
Percentile by Number Answered
Your Score History
You have not taken this quiz since the last reset